01588nam a2200313 i 4500001000700000003000900007005001700016007000300033008004100036017005000077020001800127040001800145080002100163100003200184245003800216246004400254260002800298300002700326336002200353337003000375338002400405490007400429500005500503500006800558520045500626655003301081655001901114852014101133193384ES-MaACL20250712063140.0ta231113b sp ||||| |||| 00| 0 spa d aM 3483-2023bOficina Depósito Legal Madrid  a9788412178180 bspacES-MaACL a821.134.2-31"19"1 aBilbao, Daniel,d1960-eaut13aEl brazo de Dios /cDaniel Bilbao aLas crónicas de Güilliam de Canford aMadrid : bMong, c2023 a194 páginas ;c23 cm 2rdacontentaTexto 2rdamediaasin mediación 2rdacarrieravolumen1 aLas crónicas de Güilliam de Canford ; v(quinta crónica-Burgos) aEn contracub.: "Una novela negra de la Edad Media" aQuinto libro de la saga Las crónicas de Güilliam de Canford a Regresa Güilliam de Canford con nuevas aventuras y misterios En la quinta crónica del arquero sin dedos nos encontramos con unos variopintos peregrinos salidos de los Cuentos de Canterbury y un asombroso crimen dónde cada uno de ellos de convierte en sospechoso. Güilliam de Canford, con su humor negro y propensión a la violencia nos guía, con la inestimable ayuda de la Gatusa, de sobresalto en sobresalto hasta la revelación final. 7aNovelas históricas2tgfbne 7aNovelas negras aES-MaACLbR. 154761cDEPOJjN-9540gDedicatoria autógrafa del autorhDonación: Daniel BilbaoxEncuadernación rústica con solapas